Stability, Control, and Computation for Time-Delay Systems : An Eigenvalue-Based Approach /

Gespeichert in:
Bibliographische Detailangaben
Hauptverfasser: Michiels, Wim (Verfasst von), Niculescu, Silviu-Iulian (Verfasst von)
Format: Buch
Sprache:Englisch
Veröffentlicht: Philadelphia : Society for Industrial and Applied Mathematics, 2014
Ausgabe:2 vyd.
Tags: Tag hinzufügen
Keine Tags, Fügen Sie das erste Tag hinzu!

MARC

LEADER 00000nam a22000003a 4500
001 0010556
003 SK-STU
005 20151218122035.4
007 ta
008 151218s ----xo-----e------000-0-----d
020 |a 978-1-611973-62-4 
040 |a STU  |b slo 
041 0 |a eng 
044 |a xxu 
080 |a 681.51 
100 1 |a Michiels, Wim  |4 aut 
245 1 0 |a Stability, Control, and Computation for Time-Delay Systems :  |b An Eigenvalue-Based Approach /  |c aut. Wim Michiels, Silviu-Iulian Niculescu 
250 |a 2 vyd. 
260 |a Philadelphia :  |b Society for Industrial and Applied Mathematics,  |c 2014 
300 |a 435 s. 
700 1 |a Niculescu, Silviu-Iulian  |4 aut 
996 |b 284EK89621  |c E* 89621  |l EE30  |s P  |a 0  |w 0010556_0001